000 01119cab a2200241 4500
001 X3678
008 090401t1996 xxu||||| |||| 00| 0 eng d
035 _a(Sirsi) u32072
041 _aeng
245 _aR v Carrick DC ex parte Shelley
260 _c1996
350 _a0
490 _aJournal of Planning and Environment Law
_v[1996] JPL 857-866(10)
520 _aQBD 3 April 1996. Sewerage related debris on a beach - whether statutory nuisance - Environmental Protection Act 1990 - service of abatement notice - duty of local authority - Water Resources Act 1991 - sewerage outfalls - consents - division of responsibility between local authority and the National Rivers Authority - dispute between NRA and Water Authority - position of local authority regarding statutory nuisance - declaration granted. (HEADNOTE FROM JOURNAL)
650 _aABATEMENT NOTICE
650 _aENVIRONMENTAL PROTECTION ACT 1990
650 _aR V CARRICK DC EX P SHELLEY
650 _aSEWEARGE OUTFALLS
650 _aSTATUTORY NUISANCE
690 _aPROPERTY LAW AND PRACTICE-CASE LAW
942 _n0
948 _c04/03/1997
999 _c21525
_d21525